| 000 | 01192nam a2200229Ia 4500 | ||
|---|---|---|---|
| 003 | Ost | ||
| 005 | 20260507075233.0 | ||
| 008 | 260507s9999||||xx |||||||||||||| ||und|| | ||
| 040 | _cfsecg | ||
| 041 | _aara | ||
| 082 | _a330 | ||
| 100 |
_aجاسم، جعفر حسن _eمؤلف |
||
| 245 | 0 |
_aمقدمة في الاقتصاد الرقمي / _c جعفر حسن جاسم |
|
| 260 |
_aعمان: _bدار البداية, _c2009 |
||
| 300 |
_a275 صفحة؛ _c24 سم |
||
| 504 | _aمراجع ص.265 | ||
| 520 | _aمفهوم الاقتصاد الرقمي و مراحل تطوره ، المعلومات : أهميتها وخصائصها الاقتصادية و التنموية ، بنية الاقتصاد الرقمي في عالم متغير ، تكنولوجيا المعلومات : التحولات الجارية في الاقتصاد الرقمي ، المهن والعمالة في الاقتصاد الرقمي ، التطبيقات العلمية في الاقتصاد الرقمي - التجارة الرقمية . | ||
| 653 | _aالأسواق المالية | ||
| 653 | _aالاقتصاد المالي | ||
| 653 | _aتكنولوجيا المعلومات | ||
| 942 | _cكتاب | ||
| 999 |
_c43568 _d43568 |
||